Death Metal General Knowledge #1 - Statistics

General Stats
  • This quiz has been taken 83 times
  • The average score is 10 of 20
Answer Stats
Question Answer % Correct
Original Cannibal Corpse Vocalist Chris Barnes
89%
Famous Death Metal State in U.S (Obituary are from here) Florida
89%
Year Deicide formed 1989
83%
Legendary Guitarist/Vocalist who died in 2001 Chuck Schuldiner
77%
Egyptian themed U.S band Nile
77%
Alex Webster plays bass for which band? Cannibal Corpse
74%
Severed Survival is a cult release by this band Autopsy
67%
Gorguts are from which country Canada
64%
Human Waste is the debut EP for which U.S band Suffocation
53%
Horror movie samples, down-tuned DM from Yonkers, NY Mortician
50%
Morbid Angel Guitarist Trey Azagthoth
44%
Whilst predominantly a Grind band, Napalm Death released a significant Death Metal album. What is it? Harmony Corruption
41%
Bolt Thrower debut album In Battle There Is No Law!
35%
Name the above's legendary Drummer/Vocalist Chris Reifert
27%
Asphyx Vocalist Martin Van Drunen
27%
European DM royalty, drums for Entombed Nicke Andersson
21%
Predecessor to Dismember Carnage
20%
Danish band who released "Four Depressive Seasons" Illdisposed
14%
Before At The Gates, vocalist Tomas Lindberg sang for which cult Swedish band Grotesque
12%
Kataklysm debut EP The Mystical Gate of Reincarnation
6%
No matching quizzes found
Score Distribution
Percent of People with Each Score
Percentile by Number Answered
Your Score History
You have not taken this quiz